| 000 | 00535nam a2200181Ia 4500 | ||
|---|---|---|---|
| 005 | 20250326141822.0 | ||
| 008 | 250326s9999 xx 000 0 und d | ||
| 037 | _aTextbook | ||
| 040 |
_aFMSL _beng _cFMSL |
||
| 041 |
_aeng _2eng |
||
| 084 |
_aX8(J):(D2) M9 _qFMSL |
||
| 100 |
_aPawar Chandrakant T _9241556 |
||
| 245 | 0 |
_aImpact of irrigation : Regional perspective _cPawar Chandrakant T |
|
| 260 |
_aBombay _bBombay, Himalaya _c1989 |
||
| 300 | _axv,132 | ||
| 942 |
_cTB _hX8(J):(D2) M9 |
||
| 999 |
_c1292125 _d1292125 |
||